Contemporary issues in social justice (Indian context) (Record no. 85041)

000 -LEADER
fixed length control field 00447pab a2200169 454500
008 - FIXED-LENGTH DATA ELEMENTS--GENERAL INFORMATION
fixed length control field 180718b2009 xxu||||| |||| 00| 0 eng d
100 ## - MAIN ENTRY--PERSONAL NAME
Personal name Pandey, Rajnikant
245 ## - TITLE STATEMENT
Title Contemporary issues in social justice (Indian context)
260 ## - PUBLICATION, DISTRIBUTION, ETC.
Date of publication, distribution, etc. 2009
300 ## - PHYSICAL DESCRIPTION
Extent p.853-60.
362 ## - DATES OF PUBLICATION AND/OR SEQUENTIAL DESIGNATION
Dates of publication and/or sequential designation Jul-Sep
650 ## - SUBJECT ADDED ENTRY--TOPICAL TERM
Topical term or geographic name entry element Social justice
700 ## - ADDED ENTRY--PERSONAL NAME
Personal name Upadhayay, Chandra Mohan
773 ## - HOST ITEM ENTRY
Main entry heading Indian Journal of Political Science
908 ## - PUT COMMAND PARAMETER (RLIN)
Put command parameter N
909 ## -
-- 85041
Holdings
Withdrawn status Lost status Damaged status Not for loan Permanent Location Current Location Date acquired Serial Enumeration / chronology Barcode Date last seen Price effective from Koha item type
        Indian Institute of Public Administration Indian Institute of Public Administration 2018-07-19 Volume no: 70, Issue no: 3 AR85501 2018-07-19 2018-07-19 Articles

Powered by Koha